| 000 | 00624cab a2200217 4500 | ||
|---|---|---|---|
| 001 | WB3442-28 | ||
| 008 | 090401t1998 xxu||||| |||| 00| 0 eng d | ||
| 035 | _a(Sirsi) u89461 | ||
| 041 | _aeng | ||
| 245 | _aWhistle blown on sportfield sales | ||
| 260 | _c1998 | ||
| 350 | _a0 | ||
| 490 |
_aGuardian _v2 November 1998, 7(1) |
||
| 520 | _aThe DETR and DFEE are introducing new rules to try and reduce the sale of school playing fields. | ||
| 650 | _aRECREATIONAL FACILITIES | ||
| 650 | _aSCHOOL PLAYING FIELDS | ||
| 650 | _aSPORTS GROUNDS | ||
| 690 | _aLEISURE AND RECREATION | ||
| 942 | _n0 | ||
| 948 | _c03/11/1998 | ||
| 999 |
_c56600 _d56600 |
||